Ekonomija regiona sveta
Uložené v:
| Hlavný autor: | |
|---|---|
| Médium: | Kniha |
| Jazyk: | Serbian |
| Vydavateľské údaje: |
Beograd
Megatrend univerzitet
2004
|
| Predmet: | |
| Tagy: |
Žiadne tagy, Buďte prvý, kto otaguje tento záznam!
|
MARC
| LEADER | 00000nam a2200000 4500 | ||
|---|---|---|---|
| 001 | 0126499 | ||
| 005 | 20250711113636.5 | ||
| 020 | |a 978-86-7747-151-2 | ||
| 041 | 0 | |a srp | |
| 044 | |a RS | ||
| 245 | 1 | 0 | |a Ekonomija regiona sveta |c Oskar Kovač |
| 264 | 1 | |a Beograd |b Megatrend univerzitet |c 2004 | |
| 300 | |a 290 s. | ||
| 610 | 2 | 0 | |a globalizácia hospodárstva |
| 610 | 2 | 0 | |a globalizácia |
| 610 | 2 | 0 | |a korporácie transnacionálne |
| 610 | 2 | 0 | |a obchod svetový |
| 610 | 2 | 0 | |a obchod medzinárodný |
| 610 | 2 | 0 | |a integrácia ekonomická medzinárodná |
| 610 | 2 | 0 | |a Severná Amerika |
| 610 | 2 | 0 | |a Latinská Amerika |
| 610 | 2 | 0 | |a Karibská oblasť |
| 610 | 2 | 0 | |a Rusko |
| 610 | 2 | 0 | |a Ázia |
| 610 | 2 | 0 | |a Blízky východ |
| 610 | 2 | 0 | |a Afrika |
| 100 | 1 | |a Kovač, Oskar | |